Multiple Choice City Quiz – Glasgow - Statistics

General Stats
  • This quiz has been taken 14,363 times
    14,335 since last reset
  • The average score is 5 of 10
Answer Stats
Question Answer % Correct
What unhealthy food is Glasgow known for? Deep-fried Mars bar
71%
What river flows through the heart of Glasgow? Clyde
70%
A person from Glasgow is a ... Glaswegian
69%
What is the name of a football match where Celtic play Rangers? Old Firm Derby
63%
The Clockwork Orange, as it is known affectionately by Glasgow tourists, is which of the following? The Glasgow Subway
60%
What architect and designer associated with Glasgow is known for his symbolistic style? Charles Rennie Mackintosh
55%
What was Glasgow’s main industry during the 19th and early 20th centuries? Shipbuilding
48%
Who is the patron saint of Glasgow buried in Glasgow Cathedral? St. Mungo
38%
Who was granted a lordship in 1892 which takes its name from the river which flows past the University of Glasgow? Lord Kelvin
37%
The "Glasgow Effect" has puzzled scientists. What is it? Low life expectancy
30%
No matching quizzes found
Score Distribution
Percent of People with Each Score
Percentile by Number Answered
Your Score History
You have not taken this quiz since the last reset